Les MVs les plus vues de I-dle (avril 2026) - Statistiques

Statistiques générales
  • Ce quiz a été pris 23 fois
    5 depuis la dernière actualisation
  • Le résultat moyen est 19 sur 28
Statistiques - réponses
Date de sortie Nombre de vues MV % Correct
17 octobre 2022 389 M Nxde
100%
15 mai 2023 438 M Queencard
100%
14 mars 2022 392 M Tomboy
100%
3 aout 2020 95 M Dumdi Dumdi
75%
14 aout 2018 167 M Hann (Alone)
75%
11 janvier 2021 139 M Hwaa
75%
8 juillet 2024 78 M Klaxon
75%
2 mai 2018 203 M Latata
75%
11 juillet 2019 9,4 M Latata (Japanese Version)
75%
3 novembre 2019 153 M Lion
75%
27 janvier 2026 26 M Mono
75%
6 avril 2020 237 M Oh My God
75%
19 aout 2020 5,2 M Oh My God (Japanese Version)
75%
26 février 2019 85 M Senorita
75%
29 janvier 2024 139 M Super Lady
75%
26 juin 2019 81 M Uh Oh
75%
21 janvier 2024 96 M Wife
75%
9 mai 2023 113 M Allergy
50%
5 aout 2024 3,6 M Bloom
50%
8 mai 2025 38 M Girlfriend
50%
19 mai 2025 75 M Good Thing
50%
14 juillet 2023 28 M I Do
50%
7 juillet 2020 8,8 M I'm The Trend
50%
6 octobre 2023 40 M I Want That
50%
11 aout 2024 1,1 M Neverland
50%
15 février 2024 3,4 M Revenge
50%
3 octobre 2025 25 M Where Do We Go
50%
19 février 2019 4,9 M Blow Your Mind
25%
Aucun quiz correspondant
Distribution des résultats
% des personnes avec chaque résultat
Percentile par nombre de réponses
Votre historique - résultats
Vous n’avez pas pris ce quiz depuis la dernière actualisation